| 000 | 00683nam a22002177a 4500 | ||
|---|---|---|---|
| 005 | 20170124110003.0 | ||
| 010 | _aB-047048 | ||
| 020 |
_c270.00 _a8171942628 |
||
| 035 | _aB-047048 | ||
| 037 | _bCen Lib/Ret | ||
| 040 |
_aDPL _bEN |
||
| 082 |
_a343.54055 _bDAT |
||
| 100 |
_aDatey, V. S _915744 |
||
| 245 |
_aIndirect taxes : _cby V. S. Datey _blaw and practice / |
||
| 260 |
_aNew Delhi _bTaxmann Publications _c2002 |
||
| 270 |
_a59/32, Rahtak Road _bNew Delhi _e110005 |
||
| 300 |
_aVarious pages _c22cm(Hb) |
||
| 650 |
_aTaxation--Law and legislation _916222 |
||
| 650 |
_aIndirect taxation--Law and legislation _916223 |
||
| 942 |
_2ddc _cEN _h343.54055 _mDAT |
||
| 999 |
_c125992 _d125992 |
||